[Event "Copenhagen Chess Challenge 2014"]
[Site "Ballerup"]
[Date "2014.05.16"]
[Round "4"]
[White "Hoi, Carsten"]
[Black "Haub, Thorsten Michael"]
[Result "1-0"]
[WhiteElo "2397"]
[BlackElo "2441"]
[PlyCount "133"]
[EventDate "2014.??.??"]
[EventType "swiss"]
[EventRounds "9"]
[EventCountry "DEN"]

1. d4 g6 2. c4 Bg7 3. Nc3 d6 4. e4 a6 5. Be3 e6 6. Qd2 h6 7. Bd3 Ne7 8. Nge2
Nd7 9. O-O c5 10. Rad1 Qc7 11. Rfe1 g5 12. Bc2 cxd4 13. Bxd4 Ne5 14. Ba4+ N7c6
15. b3 Bd7 16. Bxc6 Bxc6 17. Ng3 h5 18. Qxg5 f6 19. Qd2 O-O-O 20. Nd5 Qf7 21.
Nb4 h4 22. Nxc6 Nxc6 23. Ne2 Rdg8 24. Kh1 Bh6 25. Qd3 h3 26. g3 Qh5 27. Ng1 Rh7
28. Bc3 Bf8 29. b4 Rc7 30. a4 Be7 31. b5 Ne5 32. Bxe5 Qxe5 33. bxa6 bxa6 34. c5
Qxc5 35. Qxa6+ Kd7 36. Qf1 Qa5 37. Nxh3 Qxa4 38. Nf4 Rh8 39. h4 Rh6 40. Qd3 Qc2
41. Qxc2 Rxc2 42. Kg2 d5 43. exd5 e5 44. Re2 Rc3 45. Ne6 Rh8 46. Ra2 e4 47.
Ra7+ Kd6 48. Ng7 Bd8 49. Nf5+ Ke5 50. Ne3 Rd3 51. Rb1 Rf8 52. Ra6 f5 53. Rb4
Re8 54. Ra8 Rg8 55. Rbb8 f4 56. Nc4+ Kd4 57. Rxd8 f3+ 58. Kh3 Rxd8 59. Rxd8
Kxc4 60. d6 Kd5 61. d7 Ke6 62. Re8+ Kxd7 63. Rxe4 Rd2 64. Kg4 Rxf2 65. Rf4 Rg2
66. Rxf3 Ke6 67. h5 1-0

[Event "Copenhagen Chess Challenge 2014"]
[Site "Ballerup"]
[Date "2014.05.16"]
[Round "4"]
[White "Jacobsen, Mikkel Manosri"]
[Black "Karlsson, Ulf"]
[Result "0-1"]
[WhiteElo "2113"]
[BlackElo "1959"]
[PlyCount "120"]
[EventDate "2014.??.??"]
[EventType "swiss"]
[EventRounds "9"]
[EventCountry "DEN"]

1. d4 d5 2. Bf4 Nf6 3. e3 e6 4. Nf3 Bd6 5. Bg3 O-O 6. Bd3 b6 7. Qe2 Bb7 8. Nbd2
Ne4 9. Ne5 Nxd2 10. Kxd2 Nd7 11. f4 f5 12. Rag1 c5 13. c3 Nf6 14. Bh4 Qe8 15.
g4 Bxe5 16. fxe5 Ne4+ 17. Kc1 f4 18. exf4 Rxf4 19. Bg3 Rf8 20. Bxe4 dxe4 21.
Rd1 Qa4 22. b3 Qa3+ 23. Qb2 Qxb2+ 24. Kxb2 e3 25. Rhe1 Bf3 26. Rd3 e2 27. dxc5
bxc5 28. h3 Rad8 29. Rd6 Kf7 30. Kc2 g5 31. Kd3 Ke7 32. Kc4 Rc8 33. Bh2 h5 34.
gxh5 Bxh5 35. Rd3 Rf1 36. Bg3 Rcf8 37. Re3 R8f3 38. Rxf3 Rxf3 39. Bh2 Rxh3 40.
Bg1 Kd7 41. Kxc5 Rxc3+ 42. Kd4 Rc2 43. a4 Rd2+ 44. Ke3 Rb2 45. Kd3 Rxb3+ 46.
Kc4 Rf3 47. Bh2 Rf1 48. Bg3 Kc6 49. Kd4 Kb6 50. Kc4 Ka5 51. Kc5 Kxa4 52. Kd6
Bg4 53. Kc5 Ka5 54. Kc4 Kb6 55. Kb4 a5+ 56. Ka4 Ka6 57. Kb3 Kb5 58. Kc2 Kc4 59.
Kd2 Kb3 60. Kc1 Kc3 0-1

[Event "Copenhagen Chess Challenge 2014"]
[Site "Ballerup"]
[Date "2014.05.16"]
[Round "4"]
[White "Jorgensen, Dennis"]
[Black "Yin, Zixiao"]
[Result "1-0"]
[WhiteElo "2231"]
[BlackElo "2020"]
[PlyCount "71"]
[EventDate "2014.??.??"]
[EventType "swiss"]
[EventRounds "9"]
[EventCountry "DEN"]

1. d4 c6 2. c4 Nf6 3. Nc3 d6 4. e4 g6 5. Nf3 Bg7 6. Be2 Na6 7. h3 Nc7 8. O-O
O-O 9. Re1 Nd7 10. Bg5 Ne6 11. Be3 c5 12. d5 Nc7 13. Qd2 Ne5 14. Nh2 f5 15. f4
Nf7 16. exf5 gxf5 17. Nf3 e6 18. dxe6 Bxe6 19. Rad1 h6 20. Bf2 Qf6 21. Bd3 Rfe8
22. Qc2 d5 23. Bh4 Qg6 24. Nxd5 Nxd5 25. cxd5 Bxd5 26. Bxf5 Qc6 27. Nh2 Bd4+
28. Bf2 Rxe1+ 29. Rxe1 Qf6 30. Ng4 Bxf2+ 31. Nxf2 Bxa2 32. Qxc5 Qxb2 33. Qe7
Qd2 34. Re3 Qd4 35. Rg3+ Kh8 36. Rg6 1-0

[Event "Copenhagen Chess Challenge 2014"]
[Site "Ballerup"]
[Date "2014.05.16"]
[Round "4"]
[White "Karlsson, Robin"]
[Black "de Blecourt Dalsberg, Sandra"]
[Result "0-1"]
[WhiteElo "2008"]
[BlackElo "2121"]
[PlyCount "128"]
[EventDate "2014.??.??"]
[EventType "swiss"]
[EventRounds "9"]
[EventCountry "DEN"]

1. d4 d5 2. c4 c6 3. Nc3 Nf6 4. Nf3 dxc4 5. a4 Bf5 6. e3 e6 7. Bxc4 Bb4 8. O-O
O-O 9. Nh4 Nbd7 10. Nxf5 exf5 11. Qc2 g6 12. f3 Rc8 13. Na2 Bd6 14. e4 fxe4 15.
fxe4 Qb6 16. Rd1 Be5 17. Qd3 Rfd8 18. a5 Qc7 19. Qh3 Nf8 20. Be3 Bf4 21. Bxf4
Qxf4 22. Qf3 Qxf3 23. gxf3 Ne6 24. Bxe6 fxe6 25. b4 Rc7 26. Nc3 Rcd7 27. e5 Nd5
28. Ne4 Rf8 29. Ra3 Kg7 30. Rb1 Nf4 31. Rd1 Rfd8 32. Nd6 Nd5 33. Rb1 a6 34. Kf2
Rf8 35. Kg3 Ne7 36. Rd3 g5 37. Rf1 Rf4 38. Ne8+ Kg6 39. Rfd1 Rfxd4 40. Rxd4
Rxd4 41. Rxd4 Nf5+ 42. Kf2 Nxd4 43. Nd6 Nc2 44. Nxb7 Kf5 45. Ke2 Nxb4 46. Kd2
Kxe5 47. Kc3 c5 48. Nxc5 Nc6 49. Nxa6 Nxa5 50. Kd3 Kf4 51. Ke2 Nc6 52. Nc5 Nd4+
53. Kf2 e5 54. Nd3+ Kf5 55. Ke3 h5 56. h3 Ne6 57. Nf2 Nf4 58. Kd2 Ke6 59. Ke3
Kd5 60. Ne4 Ke6 61. Nxg5+ Kf5 62. h4 Ng2+ 63. Kf2 Nxh4 64. Kg3 Kxg5 0-1

[Event "Copenhagen Chess Challenge 2014"]
[Site "Ballerup"]
[Date "2014.05.16"]
[Round "4"]
[White "Larsen, Tor Ketil"]
[Black "Englert, Fabian"]
[Result "1-0"]
[WhiteElo "2004"]
[BlackElo "2310"]
[PlyCount "91"]
[EventDate "2014.??.??"]
[EventType "swiss"]
[EventRounds "9"]
[EventCountry "DEN"]

1. e4 c5 2. Nc3 a6 3. f4 b5 4. d3 Bb7 5. Nf3 e6 6. g3 d5 7. exd5 exd5 8. Bg2
Nf6 9. O-O Be7 10. Nh4 Qd7 11. Re1 b4 12. Na4 Qxa4 13. Nf5 Nc6 14. b3 Qa5 15.
Bb2 Qb6 16. Bxf6 gxf6 17. Bxd5 c4+ 18. d4 cxb3 19. cxb3 Rd8 20. Bxc6+ Qxc6 21.
Rxe7+ Kf8 22. Rxf7+ Kxf7 23. Qh5+ Ke6 24. Re1+ Qe4 25. Ng7+ Ke7 26. Qc5+ Kf7
27. Qc7+ Kg6 28. Rxe4 Bxe4 29. Ne6 Rc8 30. Qg7+ Kf5 31. Nc5 Bc6 32. Kf2 h5 33.
Nxa6 Rhd8 34. Qh7+ Ke6 35. Nc5+ Kd6 36. Qf5 Rf8 37. Qe6+ Kc7 38. Na6+ Kb7 39.
Nxb4 Rfe8 40. Qf7+ Rc7 41. Qxh5 Rce7 42. Nxc6 Kxc6 43. Qc5+ Kb7 44. Qb5+ Ka7
45. a4 Re1 46. Qa5+ 1-0

[Event "Copenhagen Chess Challenge 2014"]
[Site "Ballerup"]
[Date "2014.05.16"]
[Round "4"]
[White "Lauritsen, Martin Lee"]
[Black "Hansen, Mads"]
[Result "0-1"]
[WhiteElo "2141"]
[BlackElo "2358"]
[PlyCount "42"]
[EventDate "2014.??.??"]
[EventType "swiss"]
[EventRounds "9"]
[EventCountry "DEN"]

1. e4 e5 2. Nf3 Nc6 3. d4 exd4 4. Nxd4 g6 5. Nc3 Bg7 6. Be3 Nf6 7. Bc4 O-O 8.
f3 Re8 9. Qd2 d5 10. Nxc6 bxc6 11. O-O-O Qe7 12. Bb3 dxe4 13. fxe4 a5 14. Bg5
a4 15. Bxa4 Qb4 16. Bxc6 Nxe4 17. Bxe4 Rxa2 18. Qd3 Qxb2+ 19. Kd2 Ra3 20. Be3
Bxc3+ 21. Ke2 Ba6 0-1

[Event "Copenhagen Chess Challenge 2014"]
[Site "Ballerup"]
[Date "2014.05.16"]
[Round "4"]
[White "Mueller, Reinhold"]
[Black "Karlsson, Anders"]
[Result "1-0"]
[WhiteElo "2282"]
[BlackElo "1915"]
[PlyCount "53"]
[EventDate "2014.??.??"]
[EventType "swiss"]
[EventRounds "9"]
[EventCountry "DEN"]

1. d4 Nf6 2. c4 e6 3. Nf3 b6 4. g3 Ba6 5. Nbd2 Bb4 6. Qc2 O-O 7. Bg2 d5 8. O-O
c5 9. dxc5 Bxc5 10. a3 Nbd7 11. Qa4 Qc8 12. cxd5 Nxd5 13. Re1 Bb7 14. e4 N5f6
15. b4 Be7 16. Bb2 a5 17. Qb3 axb4 18. axb4 Rxa1 19. Bxa1 Qa8 20. Nd4 Rc8 21.
Bb2 Ng4 22. Nxe6 Bxb4 23. Ng5 Nge5 24. Qxb4 Nd3 25. Qb3 Nxb2 26. Qxf7+ Kh8 27.
Qxd7 1-0

[Event "Copenhagen Chess Challenge 2014"]
[Site "Ballerup"]
[Date "2014.05.16"]
[Round "4"]
[White "Murtuzov, Rauf Mubariz"]
[Black "Johansen, Johnny Holler"]
[Result "1/2-1/2"]
[WhiteElo "2079"]
[BlackElo "1949"]
[PlyCount "93"]
[EventDate "2014.??.??"]
[EventType "swiss"]
[EventRounds "9"]
[EventCountry "DEN"]

1. e4 c5 2. Nf3 d6 3. d4 cxd4 4. Nxd4 Nf6 5. Nc3 g6 6. Be3 Bg7 7. f3 O-O 8. Qd2
Nc6 9. Bc4 Nxd4 10. Bxd4 Be6 11. Bb3 Qa5 12. O-O-O Rfc8 13. Kb1 b5 14. Bxf6
Bxf6 15. Nd5 Qxd2 16. Nxf6+ Kg7 17. Rxd2 Kxf6 18. Bd5 Rab8 19. Re1 Rc5 20. Bxe6
fxe6 21. f4 e5 22. Rf1 exf4 23. Rxf4+ Kg7 24. Rdf2 Re5 25. h4 d5 26. Kc1 dxe4
27. Re2 Rd8 28. Rfxe4 Rxe4 29. Rxe4 Kf6 30. a4 a6 31. Rb4 Rd5 32. axb5 axb5 33.
c3 e5 34. Kc2 h5 35. g4 hxg4 36. Rxg4 Kf5 37. Rg5+ Kf4 38. Rxg6 e4 39. Rg5 Rxg5
40. hxg5 Kxg5 41. Kd2 Kf4 42. Ke2 e3 43. b3 Ke4 44. c4 bxc4 45. bxc4 Kd4 46. c5
Kxc5 47. Kxe3 1/2-1/2

[Event "Copenhagen Chess Challenge 2014"]
[Site "Ballerup"]
[Date "2014.05.16"]
[Round "4"]
[White "Nielsen, Thomas (1975)"]
[Black "Nyland, Thomas"]
[Result "0-1"]
[WhiteElo "1912"]
[BlackElo "2043"]
[PlyCount "90"]
[EventDate "2014.??.??"]
[EventType "swiss"]
[EventRounds "9"]
[EventCountry "DEN"]

1. d4 Nf6 2. c4 e6 3. Nc3 Bb4 4. Qc2 O-O 5. a3 Bxc3+ 6. Qxc3 Ne4 7. Qc2 d5 8.
Nh3 Nc6 9. e3 e5 10. f3 Nf6 11. dxe5 Nxe5 12. Nf2 Nxc4 13. Bxc4 dxc4 14. Qxc4
Be6 15. Qc2 a5 16. O-O a4 17. e4 Bb3 18. Qc3 Ra6 19. Bg5 h6 20. Bf4 Rc6 21. Qe3
Re8 22. Rac1 Nd5 23. Qd2 Nxf4 24. Qxf4 Ree6 25. Qe3 Red6 26. e5 Rxc1 27. Rxc1
Rd2 28. Qc3 Qg5 29. Qxc7 Rxb2 30. h4 Qe3 31. Qc8+ Kh7 32. Qc5 Qxc5 33. Rxc5 Ra2
34. Rb5 Rxa3 35. Rxb7 Ra1+ 36. Kh2 Bd5 37. Ra7 a3 38. Ra5 Be6 39. Nd3 a2 40.
Nb4 Re1 41. Nxa2 Ra1 42. f4 Rxa2 43. Rc5 h5 44. Kg3 Kg6 45. Rc6 Kf5 0-1

[Event "Copenhagen Chess Challenge 2014"]
[Site "Ballerup"]
[Date "2014.05.16"]
[Round "4"]
[White "Nielsen, Thomas (1994)"]
[Black "Hein, Jacob"]
[Result "1-0"]
[WhiteElo "1600"]
[BlackElo "1451"]
[PlyCount "149"]
[EventDate "2014.??.??"]
[EventType "swiss"]
[EventRounds "9"]
[EventCountry "DEN"]

1. d4 e6 2. e4 d5 3. Nc3 Bb4 4. e5 Ne7 5. Nf3 a6 6. Bd2 Ba5 7. Na4 c6 8. Be2
Nd7 9. O-O Bc7 10. Bd3 f6 11. Nc5 Nxc5 12. dxc5 fxe5 13. Nxe5 Bxe5 14. Qh5+ g6
15. Qxe5 O-O 16. Bc3 Kf7 17. Qg7+ Ke8 18. Qxh7 Rf7 19. Bxg6 Nxg6 20. Qxg6 Qe7
21. b4 Bd7 22. Be5 Kd8 23. Bd6 Qe8 24. Qg5+ Kc8 25. Rae1 a5 26. a3 axb4 27.
axb4 Qh8 28. Qe5 Qg8 29. Ra1 Ra6 30. Rxa6 bxa6 31. g3 Rf5 32. Qe2 Kb7 33. Ra1
Qa8 34. Qd3 Qa7 35. Qa3 Bc8 36. Qa5 Ka8 37. Qd8 Qb7 38. Re1 Ka7 39. Qc7 Qxc7
40. Bxc7 Kb7 41. Bd6 d4 42. Re5 Rf3 43. Rg5 a5 44. Rg7+ Ka6 45. Rc7 Bb7 46.
bxa5 Ra3 47. Be5 d3 48. cxd3 Rxd3 49. h4 Rb3 50. h5 Kxa5 51. h6 Rb1+ 52. Kg2
Ba6 53. Ra7 Kb5 54. Rxa6 Re1 55. Bd6 Kxa6 56. h7 e5 57. h8=Q e4 58. Qb8 Ka5 59.
Be5 Rc1 60. Qb6+ Ka4 61. Qxc6+ Kb4 62. Qxe4+ Rc4 63. Qxc4+ Kxc4 64. c6 Kd5 65.
c7 Kxe5 66. c8=Q Kd6 67. g4 Ke7 68. Kf3 Kf6 69. Qf5+ Kg7 70. Ke4 Kh6 71. Ke5
Kg7 72. Qf6+ Kh7 73. Qg5 Kh8 74. Kf6 Kh7 75. Qg7# 1-0

[Event "Copenhagen Chess Challenge 2014"]
[Site "Ballerup"]
[Date "2014.05.16"]
[Round "4"]
[White "Nielsen, Viktor"]
[Black "Thuesen, Mogens Henrik"]
[Result "0-1"]
[WhiteElo "2029"]
[BlackElo "2235"]
[PlyCount "136"]
[EventDate "2014.??.??"]
[EventType "swiss"]
[EventRounds "9"]
[EventCountry "DEN"]

1. e4 Nf6 2. e5 Nd5 3. d4 d6 4. Nf3 Bg4 5. Be2 e6 6. O-O Be7 7. Nc3 Nxc3 8.
bxc3 Nd7 9. Bf4 O-O 10. h3 Bh5 11. Re1 d5 12. c4 dxc4 13. Bxc4 c5 14. c3 cxd4
15. g4 Bg6 16. cxd4 Nb6 17. Bf1 Rc8 18. Bg2 Qd7 19. Rc1 Ba3 20. Rxc8 Rxc8 21.
Qb3 Be7 22. Rc1 Rxc1+ 23. Bxc1 Be4 24. Be3 Bd5 25. Qb1 Qa4 26. Nd2 Bxa2 27. Qc1
Bd5 28. Bxd5 exd5 29. Qc7 Qd7 30. Qb8+ Nc8 31. Nb1 Bb4 32. Bd2 Bxd2 33. Nxd2 h5
34. f3 a5 35. Nb1 Kh7 36. Nc3 Ne7 37. Qa7 Qc7 38. Ne2 Qc4 39. Qxb7 Qxe2 40.
Qxe7 Qxf3 41. Qh4 Qd1+ 42. Kh2 Qd2+ 43. Kh1 Qd1+ 44. Kh2 Qxd4 45. Qxh5+ Kg8 46.
Qf5 Qd2+ 47. Kg1 Qe1+ 48. Kh2 Qe4 49. Qg5 Qe2+ 50. Kg3 Qd3+ 51. Kh2 Qc2+ 52.
Kg3 Qc7 53. Kg2 d4 54. h4 d3 55. h5 Qd7 56. h6 g6 57. Kh2 Qe6 58. Qd8+ Kh7 59.
Qxd3 Qxe5+ 60. Kh3 Kxh6 61. Qa3 Kg7 62. Qb3 Qd4 63. Kg3 Qb4 64. Qa2 a4 65. Qa1+
Kg8 66. Qe5 Qb3+ 67. Kh4 a3 68. Kg5 Qb2 0-1

[Event "Copenhagen Chess Challenge 2014"]
[Site "Ballerup"]
[Date "2014.05.16"]
[Round "4"]
[White "Ochsner, Bjorn Moller"]
[Black "Vesterli, Michael E"]
[Result "1/2-1/2"]
[WhiteElo "2307"]
[BlackElo "2107"]
[PlyCount "91"]
[EventDate "2014.??.??"]
[EventType "swiss"]
[EventRounds "9"]
[EventCountry "DEN"]

1. Nf3 Nf6 2. c4 g6 3. Nc3 Bg7 4. g3 O-O 5. Bg2 d6 6. d4 Nbd7 7. O-O Re8 8. e4
e5 9. d5 Nc5 10. Ne1 a5 11. b3 Qe7 12. Rb1 Qf8 13. a3 Bh6 14. b4 Bxc1 15. Qxc1
axb4 16. axb4 Na4 17. Nb5 Qe7 18. Ra1 c6 19. Na3 cxd5 20. cxd5 Bd7 21. Qd2 Rec8
22. Nec2 Qd8 23. Rfc1 Nc3 24. Qd3 Qb6 25. Nc4 Rxa1 26. Rxa1 Qc7 27. N2e3 Nb5
28. f4 exf4 29. gxf4 Nh5 30. Rf1 Qd8 31. e5 Qh4 32. Nb6 Rc3 33. Qe4 Bf5 34.
Nxf5 gxf5 35. Qxf5 Ng7 36. Qg5 Qxg5 37. fxg5 dxe5 38. Nd7 Nd6 39. Nxe5 Rb3 40.
Ra1 Ngf5 41. Ra8+ Kg7 42. Nd7 Rb1+ 43. Kf2 Rb2+ 44. Kg1 Rb1+ 45. Kf2 Rb2+ 46.
Kg1 1/2-1/2

[Event "Copenhagen Chess Challenge 2014"]
[Site "Ballerup"]
[Date "2014.05.16"]
[Round "4"]
[White "Olsen, Aage Dalstrup"]
[Black "Molvig, Julius"]
[Result "1-0"]
[WhiteElo "2054"]
[BlackElo "1899"]
[PlyCount "77"]
[EventDate "2014.??.??"]
[EventType "swiss"]
[EventRounds "9"]
[EventCountry "DEN"]

1. e4 c5 2. d4 cxd4 3. c3 Nf6 4. e5 Nd5 5. cxd4 Nc6 6. Nf3 d6 7. exd6 Qxd6 8.
Nc3 Bg4 9. Be2 g6 10. O-O Bg7 11. Qb3 Nb6 12. Ng5 Be6 13. Nxe6 fxe6 14. Nb5 Qd7
15. Bg4 Nxd4 16. Nxd4 Qxd4 17. Bxe6 Qd6 18. Be3 Kf8 19. Rfd1 Qc6 20. Rac1 Qa4
21. Qd3 Bxb2 22. Bh6+ Ke8 23. Rb1 Qc6 24. Qb3 Rf8 25. Bxf8 Kxf8 26. Rxb2 Na4
27. Qxb7 Qxb7 28. Rxb7 Nc5 29. Rdb1 Nxe6 30. Rb8+ Rxb8 31. Rxb8+ Kf7 32. Ra8
Kf6 33. Rxa7 Nc5 34. a4 h5 35. a5 Ke6 36. Ra8 Kd7 37. a6 Kc7 38. a7 Kb7 39. Rc8
1-0

[Event "Copenhagen Chess Challenge 2014"]
[Site "Ballerup"]
[Date "2014.05.16"]
[Round "4"]
[White "Olsen, Miriam Frida"]
[Black "Slettebo, Jan"]
[Result "1-0"]
[WhiteElo "1952"]
[BlackElo "2040"]
[PlyCount "39"]
[EventDate "2014.??.??"]
[EventType "swiss"]
[EventRounds "9"]
[EventCountry "DEN"]

1. e4 e5 2. Nf3 Nc6 3. d4 exd4 4. Nxd4 Nf6 5. Nxc6 bxc6 6. e5 Qe7 7. Qe2 Nd5 8.
c4 Nb6 9. Nc3 Qe6 10. a3 Ba6 11. b3 O-O-O 12. Bb2 Re8 13. Ne4 f6 14. g3 Kb7 15.
Qe3 fxe5 16. Bg2 d5 17. Ng5 Qg6 18. O-O h6 19. Nf3 d4 20. Nxe5 1-0

[Event "Copenhagen Chess Challenge 2014"]
[Site "Ballerup"]
[Date "2014.05.16"]
[Round "4"]
[White "Petrovski, Petruli"]
[Black "Quernheim, Daniel"]
[Result "0-1"]
[WhiteElo "1866"]
[BlackElo "2032"]
[PlyCount "64"]
[EventDate "2014.??.??"]
[EventType "swiss"]
[EventRounds "9"]
[EventCountry "DEN"]

1. Nf3 d5 2. c4 d4 3. g3 c5 4. Bg2 Nc6 5. O-O e5 6. d3 Bg4 7. h3 Bf5 8. a3 Qd7
9. Kh2 f6 10. Nh4 Be6 11. e3 g5 12. exd4 Nxd4 13. Nf3 O-O-O 14. Nxd4 Qxd4 15.
Qa4 Kb8 16. Nc3 Qd7 17. Qa5 Qc7 18. Qa4 Qd7 19. Qb3 Ne7 20. Be3 Nf5 21. Rad1
Nxe3 22. fxe3 f5 23. d4 cxd4 24. exd4 e4 25. d5 Bf7 26. g4 Bd6+ 27. Kh1 fxg4
28. Nxe4 Bg6 29. Nxg5 Qe7 30. Rde1 Qxg5 31. c5 gxh3 32. Bxh3 Bxc5 0-1

[Event "Copenhagen Chess Challenge 2014"]
[Site "Ballerup"]
[Date "2014.05.16"]
[Round "4"]
[White "Rydstrom, Tom"]
[Black "Mikkelsen, Nikolaj"]
[Result "0-1"]
[WhiteElo "2190"]
[BlackElo "2430"]
[PlyCount "88"]
[EventDate "2014.??.??"]
[EventType "swiss"]
[EventRounds "9"]
[EventCountry "DEN"]

1. e4 c5 2. Nf3 d6 3. d4 cxd4 4. Nxd4 Nf6 5. Nc3 Nc6 6. Be2 g6 7. Be3 Bg7 8.
O-O O-O 9. Kh1 Bd7 10. Nb3 Qc8 11. f4 Bg4 12. Bf3 Bxf3 13. Qxf3 Qg4 14. h3 Qxf3
15. Rxf3 Nd7 16. Nd1 Rfc8 17. Bd2 Nb6 18. c3 Nc4 19. Be1 b5 20. Nd2 Nb6 21. Rc1
Rab8 22. Bf2 Nd4 23. Bxd4 Bxd4 24. Rd3 Bg7 25. b3 Nd7 26. c4 b4 27. Re3 a5 28.
Rc2 Nc5 29. Kh2 Ra8 30. Nb2 Bd4 31. Rf3 Kf8 32. Nd3 Rd8 33. Nxc5 dxc5 34. Nf1
a4 35. Ne3 axb3 36. axb3 Rd7 37. Rc1 Ra2 38. Rb1 Re2 39. Nd5 Rxe4 40. Rd1 Ke8
41. Rfd3 f5 42. Kg3 Kf7 43. Kf3 Rd6 44. g4 Rde6 0-1

[Event "Copenhagen Chess Challenge 2014"]
[Site "Ballerup"]
[Date "2014.05.16"]
[Round "4"]
[White "Sahl, Bjarke"]
[Black "Brondt, Nicolai Kvist"]
[Result "0-1"]
[WhiteElo "2368"]
[BlackElo "2200"]
[PlyCount "82"]
[EventDate "2014.??.??"]
[EventType "swiss"]
[EventRounds "9"]
[EventCountry "DEN"]

1. e4 c6 2. d4 d5 3. Nc3 dxe4 4. Nxe4 Bf5 5. Ng3 Bg6 6. h4 h6 7. Nf3 Nd7 8. h5
Bh7 9. Bd3 Bxd3 10. Qxd3 e6 11. Bf4 Qa5+ 12. Bd2 Bb4 13. c3 Be7 14. c4 Qc7 15.
O-O-O Ngf6 16. Kb1 Rd8 17. Qe2 O-O 18. Nf1 c5 19. Rc1 cxd4 20. Nxd4 Nc5 21. Nf3
Nfe4 22. Ne1 Nxd2+ 23. Nxd2 Bg5 24. Rc2 Bxd2 25. Rxd2 Qf4 26. Rc2 Rd7 27. g3
Qf5 28. g4 Qg5 29. Ng2 Rfd8 30. f4 Qf6 31. a3 Nd3 32. Qe3 Qd4 33. Qxd4 Rxd4 34.
Rf1 e5 35. fxe5 Nxe5 36. Ne3 Nxg4 37. Nf5 Rd1+ 38. Rxd1 Rxd1+ 39. Ka2 Nf6 40.
c5 Rd7 41. Rh2 Kf8 0-1

[Event "Copenhagen Chess Challenge 2014"]
[Site "Ballerup"]
[Date "2014.05.16"]
[Round "4"]
[White "Semcesen, Daniel"]
[Black "Christensen, Tobias"]
[Result "1-0"]
[WhiteElo "2513"]
[BlackElo "2368"]
[PlyCount "71"]
[EventDate "2014.??.??"]
[EventType "swiss"]
[EventRounds "9"]
[EventCountry "DEN"]

1. d4 d5 2. c4 dxc4 3. Nf3 Nf6 4. e3 e6 5. Bxc4 c5 6. O-O a6 7. a4 Nc6 8. Qe2
cxd4 9. Rd1 Bd6 10. exd4 O-O 11. Nc3 h6 12. h3 Qc7 13. Ne4 Nxe4 14. Qxe4 Nb4
15. Bb3 Bd7 16. Ne5 Bc6 17. Nxc6 Qxc6 18. Qg4 Kh8 19. Bd2 Qb6 20. d5 Nd3 21.
Bc3 Qxf2+ 22. Kh1 Ne5 23. Qd4 Qxd4 24. Rxd4 Bc5 25. Rd2 Ng6 26. dxe6 fxe6 27.
Rd7 e5 28. Rxb7 Bd4 29. Bc2 Bxc3 30. bxc3 Nf4 31. Re1 Rac8 32. Rxe5 Rxc3 33.
Be4 Nd3 34. Rf7 Rd8 35. Rd5 Rxd5 36. Rf8# 1-0

[Event "Copenhagen Chess Challenge 2014"]
[Site "Ballerup"]
[Date "2014.05.16"]
[Round "4"]
[White "Skovgaard, Ib"]
[Black "Jensen, Morten Frank"]
[Result "1/2-1/2"]
[WhiteElo "2041"]
[BlackElo "2005"]
[PlyCount "75"]
[EventDate "2014.??.??"]
[EventType "swiss"]
[EventRounds "9"]
[EventCountry "DEN"]

1. e4 g6 2. d4 Bg7 3. Nf3 c5 4. dxc5 Qa5+ 5. c3 Qxc5 6. Qc2 Nf6 7. Na3 b6 8.
Be3 Qc7 9. Nb5 Qb7 10. Bf4 Na6 11. Bc4 O-O 12. Rd1 d6 13. O-O Nc7 14. Nxc7 Qxc7
15. e5 Qxc4 16. Rd4 Qc6 17. exf6 Bxf6 18. Bh6 Re8 19. Rf4 Bb7 20. Rd1 Bg7 21.
Bxg7 Kxg7 22. Qb3 f6 23. Qe6 Bc8 24. Qe3 g5 25. Rfd4 h6 26. Qd3 Bb7 27. Nh4 Rh8
28. Qg6+ Kf8 29. Rxd6 Qe8 30. Rxf6+ exf6 31. Qxf6+ Kg8 32. Nf5 Rh7 33. Nxh6+
Rxh6 34. Qxh6 Qe7 35. Qg6+ Kh8 36. Qh6+ Kg8 37. Qg6+ Kh8 38. Qh6+ 1/2-1/2

[Event "Copenhagen Chess Challenge 2014"]
[Site "Ballerup"]
[Date "2014.05.16"]
[Round "4"]
[White "Sorensen, Per Settergren"]
[Black "Nordenbaek, Jan"]
[Result "1-0"]
[WhiteElo "2021"]
[BlackElo "2248"]
[PlyCount "75"]
[EventDate "2014.??.??"]
[EventType "swiss"]
[EventRounds "9"]
[EventCountry "DEN"]

1. e4 c5 2. Nf3 Nc6 3. d4 cxd4 4. Nxd4 Nf6 5. Nc3 e5 6. Ndb5 d6 7. Bg5 a6 8.
Na3 b5 9. Nd5 Be7 10. Bxf6 Bxf6 11. c4 Bg5 12. cxb5 Nd4 13. Nc2 Bg4 14. Qd3
Nxb5 15. Be2 Bxe2 16. Qxe2 O-O 17. O-O Rb8 18. a4 Nc7 19. Ncb4 Nxd5 20. Nxd5 a5
21. Qc2 Qd7 22. b3 Rfc8 23. Qd3 Qa7 24. g3 Qc5 25. h4 Bd8 26. Rfd1 g6 27. Rab1
Rc6 28. Kg2 Kg7 29. Qd2 Qa3 30. Qd3 Qc5 31. h5 Rbc8 32. hxg6 hxg6 33. Ne3 Bb6
34. Qd2 Qd4 35. Nf5+ gxf5 36. Qg5+ Kf8 37. Rxd4 Bxd4 38. Rh1 1-0

[Event "Copenhagen Chess Challenge 2014"]
[Site "Ballerup"]
[Date "2014.05.16"]
[Round "4"]
[White "Stojanovski, Sandi"]
[Black "Tangelder, Yonne"]
[Result "1-0"]
[WhiteElo "2265"]
[BlackElo "1800"]
[PlyCount "91"]
[EventDate "2014.??.??"]
[EventType "swiss"]
[EventRounds "9"]
[EventCountry "DEN"]

1. Nf3 f5 2. d4 Nf6 3. c4 g6 4. g3 Bg7 5. Bg2 O-O 6. O-O d6 7. Nc3 Qe8 8. d5 a5
9. Nd4 Na6 10. b3 Bd7 11. Bb2 c6 12. Rc1 Nc5 13. e3 Nfe4 14. f3 Nf6 15. a3 e5
16. dxe6 Nxe6 17. Re1 Qf7 18. Na4 d5 19. Nb6 Ra6 20. Nxe6 Bxe6 21. c5 d4 22.
Bf1 Bxb3 23. Qxd4 Ra7 24. Bc4 Bxc4 25. Qxc4 Nd5 26. Bxg7 Kxg7 27. Nxd5 Qxd5 28.
Qxd5 cxd5 29. Red1 Rd8 30. Rd4 Kf7 31. e4 fxe4 32. fxe4 Ke6 33. Rcd1 Ke5 34.
exd5 Raa8 35. d6 Rac8 36. Rd5+ Ke6 37. Rg5 Kf6 38. h4 h6 39. Rf1+ Kg7 40. Re5
Rd7 41. Rf4 b6 42. cxb6 Rxd6 43. Re7+ Kg8 44. b7 Rb8 45. Rc7 Rdd8 46. Rf6 1-0

[Event "Copenhagen Chess Challenge 2014"]
[Site "Ballerup"]
[Date "2014.05.16"]
[Round "4"]
[White "Subramanian, Aditya"]
[Black "Westerinen, Heikki"]
[Result "0-1"]
[WhiteElo "1845"]
[BlackElo "2299"]
[PlyCount "56"]
[EventDate "2014.??.??"]
[EventType "swiss"]
[EventRounds "9"]
[EventCountry "DEN"]

1. d4 Nf6 2. c4 g6 3. Nc3 Bg7 4. e4 d6 5. Nf3 O-O 6. Be2 e5 7. O-O Nbd7 8. Re1
c6 9. Bf1 exd4 10. Nxd4 Re8 11. f3 d5 12. exd5 Rxe1 13. Qxe1 cxd5 14. Be3 Nb6
15. Rd1 Qe7 16. cxd5 Nfxd5 17. Nxd5 Nxd5 18. Bf2 Qxe1 19. Rxe1 Bd7 20. Bc4 Nb6
21. Bb3 Bf6 22. Rc1 Rd8 23. Rc7 Be8 24. Ne2 Rd2 25. Kf1 Bb5 26. Rxf7 Bxe2+ 27.
Ke1 Bc4 28. Bxb6 Bxf7 0-1

[Event "Copenhagen Chess Challenge 2014"]
[Site "Ballerup"]
[Date "2014.05.16"]
[Round "4"]
[White "Sylvan, Jacob"]
[Black "Hector, Jonny"]
[Result "1/2-1/2"]
[WhiteElo "2348"]
[BlackElo "2511"]
[PlyCount "74"]
[EventDate "2014.??.??"]
[EventType "swiss"]
[EventRounds "9"]
[EventCountry "DEN"]

1. Nf3 d5 2. c4 c6 3. e3 Nf6 4. Nc3 e6 5. b3 Bd6 6. Bb2 O-O 7. Be2 e5 8. cxd5
cxd5 9. Nb5 Nc6 10. Nxd6 Qxd6 11. d4 e4 12. Ne5 Re8 13. O-O Ne7 14. Qc1 Nf5 15.
Ba3 Qb6 16. Qc5 Qxc5 17. Bxc5 Be6 18. Rfc1 Red8 19. h3 Ne8 20. a4 f6 21. Ng4
Kf7 22. Rc3 Rdc8 23. Rac1 Rc7 24. Ba3 Rac8 25. Rxc7+ Rxc7 26. Rxc7+ Nxc7 27.
Nh2 Ne7 28. Nf1 Bc8 29. Nd2 Ke6 30. Nb1 Nc6 31. b4 f5 32. b5 Na5 33. Nd2 b6 34.
Bb4 Nb7 35. f4 Nd6 36. Bxd6 Kxd6 37. Nb1 a6 1/2-1/2